Formule 1 - Pilotes canadiens - Statistiques

Statistiques générales
  • Ce quiz a été pris 37 fois
  • Le résultat moyen est 4 sur 6
Statistiques - réponses
Par images Réponse % Correct
Gilles Villeneuve
100%
Jacques Villeneuve
100%
Lance Stroll
100%
Nicholas Latifi
97%
Allen Berg
14%
George Eaton
10%
Aucun quiz correspondant
Distribution des résultats
% des personnes avec chaque résultat
Percentile par nombre de réponses
Votre historique - résultats
Vous n’avez pas pris ce quiz